000 00555nam a2200157 i 4500
001 26610
003 ES-MaACL
005 20230906153455.0
007 t|
008 030109m18711872sp ||||1| spa d
100 1 _aArrangoiz, Francisco de Paula.
_923213
245 1 0 _aMéjico desde 1808 hasta 1867
_b: relación de los principales acontecimientos políticos hasta la caída del segundo imperio /
_cFrancisco de Paula Arrangoiz.
260 _aMadrid :
_b[s.n.,
_c1871-72] (
_fA. Pérez Dubrull)
300 _a3 v. ;
_c23 cm.
852 _aES-MaACL
_jF-8007-9
999 _c26610
_d26610